| 000 | 00364nam a2200157Ia 4500 | ||
|---|---|---|---|
| 008 | 230524s9999 xx 000 0 und d | ||
| 082 |
_a612 _bDIX |
||
| 100 |
_aDaksha Dixit _923874 |
||
| 245 | 0 | _aHuman Embryology | |
| 250 | _a1ST | ||
| 260 |
_aNEW DELHI _bCBS _c2004 |
||
| 300 | _aXI;283 | ||
| 500 | _aQuantity Number: 1 | ||
| 650 | _aBiomedical | ||
| 942 | _cBK | ||
| 999 |
_c35340 _d35340 |
||